Johan Zoffany RA : society observed ; [... accompanies the Exhibition Johan Zoffany RA: Society Observed ... on view at the Yale Center for British Art from 27 October 2011 to 12 February 2012, and at the Royal Academy of Arts from 10 March to 10 June 2012]

Saved in:
Bibliographic Details
Main Authors: Zoffany, John (KünstlerIn)
Orr, Clarissa Campbell (VerfasserIn)
David, Jessica (VerfasserIn)
Forrester, Gillian (VerfasserIn)
Jasanoff, Maya (VerfasserIn)
Retford, Kate (VerfasserIn)
Simon, Robin (VerfasserIn)
Stevens, MaryAnne (VerfasserIn)
Corporate Authors: Yale Center for British Art (Gastgebende Institution)
Royal Academy of Arts (Gastgebende Institution)
Other Authors: Postle, Martin (Editor, HerausgeberIn)
Document Type: Conference Proceeding Book
Language:English
Published: New Haven ; London : Yale University Press , 2011
New Haven, Conn : Yale Center for British Art , 2011
London : Royal Academy of Arts , 2011
Subjects:
Online Access:Inhaltsverzeichnis
Rezension
Rezension
Related Items:Rezensiert in: [Rezension von: Martin Postle (ed.), Johan Zoffany RA. Society observed - Mary Webster, Johan Zoffany. 1733-1810]
Rezensiert in: Höfisch, britisch und europäisch zugleich
Author Notes:edited by Martin Postle. With contributions by Clarissa Campbell-Orr , Jessica David, Gillian Forrester, Charles Greig, Maya Jasanoff, Martin Postle, Kate Retford, Robin Simon and MaryAnne Stefens
LEADER 06109cam a2200997 c 4500
001 656702311
003 DE-627
005 20260616223120.0
007 tu
008 110419s2011 xxu||||| c 00| ||eng c
010 |a  2011014513 
016 7 |a 015836639  |2 UK 
020 |a 9780300176049  |q (hbk.) £40.00  |9 978-0-300-17604-9 
020 |a 030017604X  |q (hbk.) £40.00  |9 0-300-17604-X 
024 3 |a 9781907533266 
035 |a (DE-627)656702311 
035 |a (DE-576)354102559 
035 |a (DE-599)GBV656702311 
035 |a (OCoLC)1532689292 
035 |a (OCoLC)772634422 
035 |a (OCoLC)819135071 
040 |a DE-627  |b ger  |c DE-627  |e rda 
041 |a eng 
044 |c XD-US  |c XA-GB 
050 0 |a ND497.Z6 
082 0 |a 759.2  |q LOC  |2 22 
084 |a 9,10  |2 ssgn 
084 |a LO 62150  |q BVB  |2 rvk  |0 (DE-625)rvk/103927: 
084 |a LI 99999  |2 rvk  |0 (DE-625)rvk/97471: 
084 |a 20.31  |2 bkl 
084 |a 21.02  |2 bkl 
084 |a 20.24  |2 bkl 
090 |a a 
100 1 |a Zoffany, John  |d 1733-1810  |e KünstlerIn  |0 (DE-588)119107996  |0 (DE-627)079900917  |0 (DE-576)211206199  |4 art 
245 1 0 |a Johan Zoffany RA  |b society observed ; [... accompanies the Exhibition Johan Zoffany RA: Society Observed ... on view at the Yale Center for British Art from 27 October 2011 to 12 February 2012, and at the Royal Academy of Arts from 10 March to 10 June 2012]  |c edited by Martin Postle. With contributions by Clarissa Campbell-Orr , Jessica David, Gillian Forrester, Charles Greig, Maya Jasanoff, Martin Postle, Kate Retford, Robin Simon and MaryAnne Stefens 
263 |a 1110 
264 1 |a New Haven  |a London  |b Yale University Press  |c 2011 
264 1 |a New Haven, Conn  |b Yale Center for British Art  |c 2011 
264 1 |a London  |b Royal Academy of Arts  |c 2011 
300 |a 312 Seiten  |b Illustrationen  |c 30 cm 
336 |a Text  |b txt  |2 rdacontent 
336 |a unbewegtes Bild  |b sti  |2 rdacontent 
337 |a ohne Hilfsmittel zu benutzen  |b n  |2 rdamedia 
338 |a Band  |b nc  |2 rdacarrier 
500 |a Includes bibliographical references and index 
583 1 |a Archivierung/Langzeitarchivierung gewährleistet  |f SSG  |x XA-DE-BW  |2 pdager  |5 DE-16 
583 1 |a Archivierung prüfen  |c 20240324  |f DE-4165  |z 1  |2 pdager 
600 1 0 |a Zoffany, Johann  |d 1733-1810  |v Exhibitions 
600 1 0 |a Zoffany, Johann  |d 1733-1810  |x Criticism and interpretation 
653 |a Zoffany, Johann, 1733-1810  |a Exhibitions 
653 |a Zoffany, Johann, 1733-1810  |a Criticism and interpretation 
655 7 |a Ausstellungskatalog  |x Yale Center for British Art  |y 27.10.2011-12.02.2012  |z New Haven, Conn.  |0 (DE-588)4135467-9  |0 (DE-627)10566491X  |0 (DE-576)209660988  |2 gnd-content 
655 7 |a Ausstellungskatalog  |x Royal Academy of Arts$10.03.2012-10.06.2023  |z London  |0 (DE-588)4135467-9  |0 (DE-627)10566491X  |0 (DE-576)209660988  |2 gnd-content 
689 0 0 |d p  |0 (DE-588)119107996  |0 (DE-627)079900917  |0 (DE-576)211206199  |a Zoffany, John  |d 1733-1810  |2 gnd 
689 0 1 |d s  |0 (DE-588)4037220-0  |0 (DE-627)10623871X  |0 (DE-576)209022892  |a Malerei  |2 gnd 
689 0 2 |d s  |0 (DE-588)4157054-6  |0 (DE-627)105503770  |0 (DE-576)209831480  |a Gesellschaft  |g Motiv  |2 gnd 
689 0 |5 (DE-627) 
700 1 |a Postle, Martin  |e HerausgeberIn  |0 (DE-588)143173073  |0 (DE-627)643876227  |0 (DE-576)168980150  |4 edt 
700 1 |a Orr, Clarissa Campbell  |e VerfasserIn  |0 (DE-588)1055788549  |0 (DE-627)793831849  |0 (DE-576)411200968  |4 aut 
700 1 |a David, Jessica  |e VerfasserIn  |0 (DE-588)1125561394  |0 (DE-627)880230614  |0 (DE-576)483494097  |4 aut 
700 1 |a Forrester, Gillian  |e VerfasserIn  |0 (DE-588)1011579278  |0 (DE-627)704786575  |0 (DE-576)343384647  |4 aut 
700 1 |a Jasanoff, Maya  |d 1974-  |e VerfasserIn  |0 (DE-588)131862340  |0 (DE-627)515812447  |0 (DE-576)253007852  |4 aut 
700 1 |a Retford, Kate  |d 1974-  |e VerfasserIn  |0 (DE-588)131811037  |0 (DE-627)514271191  |0 (DE-576)298767740  |4 aut 
700 1 |a Simon, Robin  |d 1947-  |e VerfasserIn  |0 (DE-588)143713353  |0 (DE-627)70457926X  |0 (DE-576)338524592  |4 aut 
700 1 |a Stevens, MaryAnne  |d 1947-  |e VerfasserIn  |0 (DE-588)17238642X  |0 (DE-627)673422674  |0 (DE-576)16582719X  |4 aut 
710 2 |a Yale Center for British Art  |e Gastgebende Institution  |0 (DE-588)1056978-9  |0 (DE-627)100358853  |0 (DE-576)191479616  |4 his 
710 2 |a Royal Academy of Arts  |e Gastgebende Institution  |0 (DE-588)1023738-0  |0 (DE-627)103533850  |0 (DE-576)191274283  |4 his 
711 2 |a Exhibition Johan Zoffany RA: Society Observed  |d 2011 - 2012  |c New Haven, Conn.; London  |0 (DE-588)16336623-8  |0 (DE-627)683209426  |0 (DE-576)356614522  |4 oth 
787 0 8 |i Rezensiert in  |a Braesel, Michaela  |t [Rezension von: Martin Postle (ed.), Johan Zoffany RA. Society observed - Mary Webster, Johan Zoffany. 1733-1810]  |d 2012  |w (DE-627)1802100075 
787 0 8 |i Rezensiert in  |t Höfisch, britisch und europäisch zugleich  |d 2012  |w (DE-627)1441982620  |w (DE-576)371982626 
856 4 2 |u https://swbplus.bsz-bw.de/bsz354102559inh.htm  |m B:DE-576;DE-16  |q application/pdf  |v 20120111104144  |x Verlag  |3 Inhaltsverzeichnis  |7 1 
856 4 2 |u https://swbplus.bsz-bw.de/bsz354102559rez.htm  |m B:DE-576;DE-16  |q application/pdf  |v 20121001165300  |x Verlag  |3 Rezension  |7 1 
856 4 2 |u http://www.sehepunkte.de/2012/09/20704.html  |m V:DE-576;X:Sehepunkte  |q text/html  |v 20180413101158  |3 Rezension  |7 1 
935 |i sf 
935 |i Blocktest 
936 r v |a LO 62150  |b Klassizismus (sowie 18. und 19. Jahrhundert zusammen), Romantik  |k Kunstgeschichte  |k Kunst nach Ländern bzw. Kontinenten  |k Großbritannien, Irland  |k Kunstgeschichte Großbritanniens und Irlands nach Gattungen  |k Malerei  |k Ordnung nach Epochen  |k Klassizismus (sowie 18. und 19. Jahrhundert zusammen), Romantik  |0 (DE-627)1271249774  |0 (DE-625)rvk/103927:  |0 (DE-576)201249774 
936 r v |a LI 99999  |b Sonstige  |k Kunstgeschichte  |k Künstler-Monografien  |k Sonstige  |0 (DE-627)1270635948  |0 (DE-625)rvk/97471:  |0 (DE-576)200635948 
936 b k |a 20.31  |j Bildende Künstler  |0 (DE-627)181571080 
936 b k |a 21.02  |j Geschichte der Malerei  |0 (DE-627)106406698 
936 b k |a 20.24  |j Gesellschaft  |j Kultur  |x Ikonographie  |0 (DE-627)106423622 
951 |a BO 
990 |a Zoffany, John 
990 |a Malerei 
990 |a Gesellschaft 
991 |a Rezensiertes Werk 
999 |a KXP-PPN656702311  |e 4169738926